50 Commonly Used Acronyms in Software Development - Statistics

General Stats
  • This quiz has been taken 85 times
  • The average score is 18 of 50
Answer Stats
Hint Answer % Correct
JS JavaScript
90%
FIFO First in First Out
74%
HTML HyperText Markup Language
71%
UX User Experience
70%
JDK Java Development Kit
69%
GUI Graphic User Interface
66%
IDE Integrated Development Environment
66%
FTP File Transfer Protocol
64%
OOP Object-Oriented Programming
62%
SQL Structured Query Language
62%
JVM Java Virtual Machine
61%
SAAS Software as a Service
60%
API Application Programming Interface
58%
SDK Software Development Kit
57%
EOF End of File
55%
REGEX Regular Expression
55%
JRE Java Runtime Environment
51%
JSON JavaScript Object Notation
51%
SEO Search Engine Optimization
49%
CRUD Create, Read, Update, Delete
48%
CSS Cascading Style Sheets
47%
MVC Model, View, Controller
44%
WYSIWYG What You See is What You Get
43%
DOM Document Object Model
38%
XML eXtensible Markup Language
35%
TDD Test-Driven Development
32%
CSV Comma Separated Values
29%
CMS Content Management System
29%
CDN Content Delivery Network
27%
GNU GNU's not Unix
26%
UUID Universally Unique Identifier
22%
ORM Object Relational Mapping
21%
ERP Enterprise Resource Planning
19%
JDBC Java Database Connectivity
18%
SOAP Simple Object Access Protocol
18%
AD Active Directory
16%
ETL Extract, Transform, Load
16%
REST Representational State Transfer
14%
UTC Coordinated Universal Time
13%
XP Extreme Programming
13%
BDD Behavior-Driven Development
12%
YAGNI You Ain't Gonna Need It
12%
AJAX Asynchronous JavaScript and XML
10%
IIFE Immediately Invoked Function Expression
5%
CVS Concurrent Versioning System
4%
ES ESMAScript
3%
SOLID Single Responsibility, Open-Closed, Liskov Substitution, Interface Segregation, Dependency Inversion
1%
UAT User Acceptance Training
1%
AVIF AV1 Image File Format
0%
SMACSS Scalable and Modular Architecture for CSS
0%
No matching quizzes found
Score Distribution
Percent of People with Each Score
Percentile by Number Answered
Your Score History
You have not taken this quiz